Movies Quiz

Random Movies or Actor Quiz

50 Years of Film History Quiz Stats

 Plays Quiz Updated Mar 10, 2016

Score 0/100 Timer 20:00
9 Plays Today
% Correct
Rain
92.5%
Pepsi
92.3%
Streetcar
92.1%
Monroe
91%
Wizard
90.9%
Tramp
90.3%
Eve
90%
Marlon
89.9%
Reagan
89.8%
Sound
89.6%
Hur
89.2%
King
89.2%
Dead
88.3%
Wars
88.3%
Presley
88.3%
Virginia
87.4%
Communism
87.4%
Hepburn
86.6%
Rocky
86.6%
Dirty
86.5%
Beast
86.5%
Manson
86.4%
Godzilla
86.1%
Hunter
85.9%
No
85.8%
Toy
85.4%
Blair
85.3%
O'Toole
84.9%
Reservoir
84.8%
Hall
84.8%
Poitier
84.7%
Friday
84.6%
Instinct
84.1%
Beatles
83.9%
% Correct
Christ
83.9%
Godfather
83.8%
Graduate
83.5%
Sequel
83.5%
Boyz
83.5%
Titanic
83.4%
House
83.4%
Murphy
82.8%
Jaws
82.5%
Spaghetti
82.4%
Hope
82.1%
Loren
81.9%
Institute
81.6%
Rider
81.6%
Videocassette
81.4%
Worst
81.3%
Woman
81.1%
Gotta
80.9%
Television
80.9%
Hamlet
80.7%
Posthumously
79.5%
Mature
79.4%
Halloween
79.1%
Frankenstein
78.5%
Blockbuster
77.4%
Multiplex
77.3%
Matrix
74%
Netflix
73.3%
Makeup
73.2%
Patton
72.7%
Colorized
72.3%
Billy
70.9%
Mansfield
70.8%
Digital
70.4%
% Correct
Tandy
70.3%
Dragnet
70%
Marlee
69.5%
Turner
69.4%
Disaster
69.2%
Virgin
68.7%
Wave
67.8%
Sundance
65.8%
IMAX
65.2%
DreamWorks
64.9%
Columbia
63.6%
NC-17
63.6%
Strada
62.3%
Woodward
61.5%
Magic
59.4%
Duke
59.3%
Cinerama
58.7%
PG
58.3%
Serial
58.1%
Dandridge
56.5%
Milos
55.6%
Learning
51.8%
Lupino
50%
Gein
49.4%
Limelight
48.7%
Pixar
46.2%
PG-13
46%
X
44.6%
Hunt
39.7%
Herrmann
36.6%
Lansing
32.8%
Wertmuller
27.7%

You're not logged in!

Compare scores with friends on all Sporcle quizzes.
OR
Log In

Show Comments

Extras

Top Quizzes Today


Score Distribution

Your Account Isn't Verified!

In order to create a playlist on Sporcle, you need to verify the email address you used during registration. Go to your Sporcle Settings to finish the process.

Report this User

Report this user for behavior that violates our Community Guidelines.

Details: